France Quiz - Statistics

General Stats
  • This quiz has been taken 28 times
    15 since last reset
  • The average score is 10 of 15
Answer Stats
Hint Answer % Correct
Language French
100%
Capital Paris
100%
Neighbors Andorra, Belgium, Germany, Italy, Luxembourg, Monaco, Netherlands, Spain, Switzerland
93%
Second largest city Marseille
93%
Continent Europe
86%
Largest Curent territory still in the America's French Guiana
86%
Name of event from above1789-1799 French Revolution
86%
President of France at the end of WW2 Charles de Gaulle
64%
Tallest Building Eiffel Tower
64%
Tallest Mountain Mont Blanc
64%
King who was executed in 1793 Louis XVI
57%
Anthem La Marseillaise
36%
Flower Iris
29%
Largest city in Pays de la Loire Nantes
21%
National Dish Pot-au-Feu
7%
No matching quizzes found
Score Distribution
Percent of People with Each Score
Percentile by Number Answered
Your Score History
You have not taken this quiz since the last reset